| 000 | 00804nam a2200265Ia 4500 | ||
|---|---|---|---|
| 003 | OSt | ||
| 005 | 20220912151228.0 | ||
| 006 | a|||||r|||| 00| 0 | ||
| 007 | ta | ||
| 008 | 220909b |||||||| |||| 00| 0 eng d | ||
| 024 | _a41349 | ||
| 037 | _cTextual | ||
| 040 |
_aCSL _beng _cCSL |
||
| 041 | _aeng | ||
| 082 | _aG:(B7)p1,N78, L9 | ||
| 100 | _aAkkas N Ed. | ||
| 111 | _aNATO advanced study institute on progress in biomechanics (1973 : Ankara) | ||
| 245 | 0 | _aProceeding on progress in biomechanics | |
| 260 |
_aNetherland _bIjhoff and Noordoff _c1979 |
||
| 300 |
_avii, 388p. _ccm. |
||
| 490 | _aNATO advanced study institute series series E applied science; 32 | ||
| 650 | _aBiology | ||
| 942 |
_hG:(B7)p1,N78, L9 _cTEXL _2CC |
||
| 999 |
_c64039 _d64039 |
||